| 000 | 00702cam a22002532 4500 | ||
|---|---|---|---|
| 001 | 75339 | ||
| 003 | BD-RjUL | ||
| 005 | 20211209082656.0 | ||
| 008 | 190313s 1963enka j 000 1 eng | ||
| 035 | _a(BD-RjUL)75557 | ||
| 040 |
_aDLC _cJPL _dSER _dUKM _dEQO _beng |
||
| 041 | _aeng | ||
| 082 |
_a591.5 _223 _bWES 1963 |
||
| 100 | 1 |
_aWebb, Clifford, _d1895- _9229355 |
|
| 245 | 1 | 0 | _aStrange creatures. |
| 260 |
_aLondon ; _aNew York : _bF. Warne, _c c1963] |
||
| 300 |
_a[64] p. : _billus. (part col.) ; _c28 cm. |
||
| 650 | 0 |
_aAnimals _vJuvenile literature. _9229356 |
|
| 942 |
_2ddc _cBK |
||
| 999 |
_c75339 _d75339 |
||